New study: a study of Urban development in an area including Newbury, swidon and Didcot (Record no. 416383)

000 -LEADER
fixed length control field 00428cam a22001097a 4500
008 - FIXED-LENGTH DATA ELEMENTS--GENERAL INFORMATION
fixed length control field 180718b1966 xxu||||| |||| 00| 0 eng d
082 ## - DEWEY DECIMAL CLASSIFICATION NUMBER
Classification number J7x42 L77
245 ## - TITLE STATEMENT
Title New study: a study of Urban development in an area including Newbury, swidon and Didcot
Statement of responsibility, etc. by Ministry Of Housing And Local Government
260 ## - PUBLICATION, DISTRIBUTION, ETC.
Place of publication, distribution, etc. London
Name of publisher, distributor, etc. Her Majesty's Stationery Office
Date of publication, distribution, etc. 1966
300 ## - PHYSICAL DESCRIPTION
Extent 99p
700 ## - ADDED ENTRY--PERSONAL NAME
Personal name U.K. Ministry Of Housing And Local Government
Holdings
Withdrawn status Lost status Damaged status Not for loan Permanent Location Current Location Date acquired Full call number Barcode Date last seen Price effective from Koha item type
        Indian Institute of Public Administration Indian Institute of Public Administration 2009-03-16 J7x42 L77 DA1163 2018-07-21 2018-07-21 DA

Powered by Koha